Guess the 1970s song lyrics #61 - Statistics

General Stats
  • This quiz has been taken 45 times
  • The average score is 129 of 232
Answer Stats
Answer % Correct
I
100%
the
95%
love
89%
You
89%
you
89%
in
87%
it
87%
to
84%
hear
82%
and
79%
And
79%
can
76%
me
76%
My
76%
my
76%
We
76%
your
76%
Your
76%
for
74%
is
74%
So
74%
feel
71%
Feel
71%
Can't
66%
not
58%
from
53%
it's
53%
now
53%
will
53%
baby
47%
take
45%
eyes
37%
get
37%
Our
37%
Here
34%
here
34%
think
34%
comes
32%
face
32%
hold
32%
Than
32%
touch
32%
feeling
29%
hand
29%
inside
26%
kiss
24%
again
21%
once
21%
beating
18%
Deep
18%
forever
18%
hearts
18%
Something's
18%
breathing
16%
sun
16%
burn
13%
burnin
13%
Keeps
13%
sleep
13%
together
13%
warm
13%
burning
11%
close
11%
Fire
11%
fire
11%
hands
11%
smile
11%
tightly
11%
cup
8%
gentle
8%
lie
8%
Listen
8%
beside
5%
young
5%
brightly
3%
morning
3%
rhythmic
3%
sweeter
3%
No matching quizzes found
Score Distribution
Percent of People with Each Score
Percentile by Number Answered
Your Score History
You have not taken this quiz